Normal view
MARC view
- Ku飥ra, Vladim⩲
Entry Personal Name
001 - CONTROL NUMBER
- control field: 114043
003 - CONTROL NUMBER IDENTIFIER
- control field: NUST
005 - DATE AND TIME OF LATEST TRANSACTION
- control field: 20230808145531.0
008 - FIXED-LENGTH DATA ELEMENTS
- fixed length control field: 230808|| aca||aabn | a|a d
040 ## - CATALOGING SOURCE
- Original cataloging agency: NUST
- Transcribing agency: NUST
100 ## - HEADING--PERSONAL NAME
- Personal name: Ku飥ra, Vladim⩲
670 ## - SOURCE DATA FOUND
- Source citation: Work cat.: (NUST)183929: Ku飥ra, Vladim⩲,, Analysis and design of discrete linear control systems / , c1991.
